| 000 | 00506nam a22001577a 4500 | ||
|---|---|---|---|
| 005 | 20251108175709.0 | ||
| 008 | 250721s2020 xx 000 0 ara d | ||
| 082 | 1 | 4 | _a796.077/اسم |
| 100 | 1 | _aمحمود، محمود | |
| 245 | 1 | 0 | _aاللياقة والاستشفاء في المجال الرياضي / |
| 264 | 1 |
_aعمان : _bدار ابن النفيس للنشر والتوزيع، _c2020. |
|
| 300 | _a146ص. | ||
| 650 | 1 | 7 | _aاللياقة البدنية |
| 942 |
_2ddc _cBK |
||
| 999 |
_c140236 _d140236 |
||